[Event "GER-ch U25-C"]
[Site "Willingen"]
[Date "2023.06.02"]
[Round "8"]
[White "Moissl, Julian"]
[Black "Moissl, Felix"]
[Result "1/2-1/2"]
[WhiteElo "1160"]
[BlackElo "1390"]
[PlyCount "65"]
[EventDate "2023.05.27"]
[EventType "swiss"]
[EventRounds "9"]
[EventCountry "GER"]
[SourceTitle "CBM 214 Extra"]
[Source "ChessBase"]
[SourceDate "2023.07.31"]
[SourceVersion "1"]
[SourceVersionDate "2023.07.31"]
[SourceQuality "1"]

1. d4 d5 2. c4 c6 3. Nc3 dxc4 4. Bf4 Nf6 5. e3 b5 6. a4 b4 7. Nb1 Bf5 8. Bxc4 e6 9. Nd2 Nbd7 10. Ngf3 Nh5 11. Bg5 Be7 12. Bxe7 Qxe7 13. h3 Nhf6 14. Nh4 Be4 15. Nxe4 Nxe4 16. Nf3 0-0 17. 0-0 Ndf6 18. Qc2 Qd7 19. Bd3 Qd5 20. Ne5 Rac8 21. Rac1 c5 22. f3 Ng3 23. Rfe1 Rc7 24. Kh2 Nfh5 25. Bxh7+ Kh8 26. Bd3 Rfc8 27. Ba6 cxd4 28. Nxf7+ Kg8 29. Qg6 Rxc1 30. Rxc1 Rxc1 31. Nh6+ Kh8 32. Nf7+ Kg8 33. Nh6+ 1/2-1/2

[Event "GER-ch U25-C"]
[Site "Willingen"]
[Date "2023.05.31"]
[Round "5"]
[White "Moissl, Felix"]
[Black "Nehrukumar, Snikitha"]
[Result "1-0"]
[WhiteElo "1390"]
[BlackElo "984"]
[PlyCount "141"]
[EventDate "2023.05.27"]
[EventType "swiss"]
[EventRounds "9"]
[EventCountry "GER"]
[SourceTitle "CBM 214 Extra"]
[Source "ChessBase"]
[SourceDate "2023.07.31"]
[SourceVersion "1"]
[SourceVersionDate "2023.07.31"]
[SourceQuality "1"]

1. e4 e5 2. Nf3 Nc6 3. Bc4 Bc5 4. c3 Nf6 5. d4 exd4 6. cxd4 Bb4+ 7. Nc3 Bxc3+ 8. bxc3 Nxe4 9. Qe2 Qe7 10. Ng5 Na5 11. Bxf7+ Kf8 12. Bd5 Nxg5 13. Qxe7+ Kxe7 14. Bxg5+ Kf8 15. 0-0 c6 16. Bf3 d5 17. Rfe1 Kf7 18. Re5 h6 19. Bh4 g5 20. Bg3 Nc4 21. Re2 h5 22. Rae1 g4 23. Re7+ Kg6 24. Bd1 Bf5 25. Rxb7 Rhe8 26. Rbe7 Rxe7 27. Rxe7 a5 28. Rc7 Re8 29. Rxc6+ Kg7 30. f3 Re3 31. Bb3 Rxc3 32. fxg4 hxg4 33. Be5+ Kh7 34. Bxc4 dxc4 35. d5 Rc1+ 36. Kf2 Rc2+ 37. Ke3 Rxa2 38. Rxc4 Rxg2 39. d6 Kh6 40. Bf4+ Kg6 41. Rc6 Kf7 42. Rc5 Bd7 43. Rxa5 Rb2 44. Kd4 Ke6 45. Re5+ Kxd6 46. Re2+ Kc6 47. Rxb2 Bc8 48. Rc2+ Kd7 49. Rxc8 Kxc8 50. Ke5 Kd8 51. Kf5 Ke8 52. Kxg4 Kf8 53. h4 Kg8 54. h5 Kh7 55. Kg5 Kh8 56. Kh6 Kg8 57. Be5 Kf8 58. Kg6 Kg8 59. h6 Kf8 60. h7 Ke7 61. h8Q Ke6 62. Qf6+ Kd5 63. Bb8 Kc5 64. Qd8 Kb5 65. Qc7 Ka4 66. Qb6 Ka3 67. Kf5 Ka2 68. Ke4 Ka3 69. Kd3 Ka4 70. Kc3 Ka3 71. Qb3# 1-0

[Event "GER-ch U25-C"]
[Site "Willingen"]
[Date "2023.05.30"]
[Round "4"]
[White "Betz, Niclas"]
[Black "Moissl, Felix"]
[Result "1-0"]
[WhiteElo "1043"]
[BlackElo "1390"]
[PlyCount "47"]
[EventDate "2023.05.27"]
[EventType "swiss"]
[EventRounds "9"]
[EventCountry "GER"]
[SourceTitle "CBM 214 Extra"]
[Source "ChessBase"]
[SourceDate "2023.07.31"]
[SourceVersion "1"]
[SourceVersionDate "2023.07.31"]
[SourceQuality "1"]

1. e4 d5 2. exd5 Nf6 3. d4 Nxd5 4. Nf3 Nc6 5. Bb5 Bd7 6. c4 Nf6 7. 0-0 e6 8. Re1 Bb4 9. Nc3 0-0 10. Bf4 Ne7 11. Qe2 a6 12. Bxd7 Qxd7 13. Rad1 c6 14. a3 Bxc3 15. bxc3 h6 16. Ne5 Qd8 17. Rd3 Qa5 18. Qe3 Nf5 19. Qc1 g5 20. Bxg5 hxg5 21. Qxg5+ Ng7 22. Qxf6 Qxa3 23. Rg3 Qxc3 24. Qxg7# 1-0

[Event "GER-ch Youth-C"]
[Site "Willingen"]
[Date "2022.06.10"]
[Round "8"]
[White "Moissl, Felix"]
[Black "Loeffelholz, Simon"]
[Result "1/2-1/2"]
[WhiteElo "928"]
[BlackElo "1044"]
[PlyCount "47"]
[EventDate "2022.06.04"]
[EventType "swiss"]
[EventRounds "9"]
[EventCountry "GER"]
[SourceTitle "CBM 208 Extra"]
[Source "ChessBase"]
[SourceDate "2022.07.31"]
[SourceVersion "1"]
[SourceVersionDate "2022.07.31"]
[SourceQuality "1"]

1. e4 e5 2. Nf3 Nc6 3. d4 exd4 4. Nxd4 Bc5 5. Be3 Qf6 6. c3 Nge7 7. Nd2 Bxd4 8. Bxd4 Nxd4 9. cxd4 Qxd4 10. Qc2 0-0 11. Bd3 c6 12. Nf3 Qb6 13. 0-0 d6 14. e5 Ng6 15. exd6 Rd8 16. Rfe1 Bd7 17. a3 Re8 18. b4 a5 19. Qc5 Qxc5 20. bxc5 Nf4 21. Bc4 Be6 22. Bxe6 Nxe6 23. Rac1 Red8 24. g3 1/2-1/2

[Event "GER-ch Youth-C"]
[Site "Willingen"]
[Date "2022.06.05"]
[Round "1"]
[White "Hapke, Marvin"]
[Black "Moissl, Felix"]
[Result "0-1"]
[WhiteElo "1262"]
[BlackElo "928"]
[PlyCount "72"]
[EventDate "2022.06.04"]
[EventType "swiss"]
[EventRounds "9"]
[EventCountry "GER"]
[SourceTitle "CBM 208 Extra"]
[Source "ChessBase"]
[SourceDate "2022.07.31"]
[SourceVersion "1"]
[SourceVersionDate "2022.07.31"]
[SourceQuality "1"]

1. e4 d5 2. exd5 Nf6 3. c4 c6 4. dxc6 Nxc6 5. d4 Qxd4 6. Qxd4 Nxd4 7. Bd3 b6 8. Ne2 Nxe2 9. Bxe2 Bb7 10. 0-0 e5 11. Be3 Bd6 12. Nc3 0-0 13. Rad1 Bb4 14. Nb5 Rfd8 15. a3 Be7 16. f4 e4 17. f5 a6 18. Nc7 Rab8 19. Bf4 Rbc8 20. Be5 h6 21. Bxf6 Bxf6 22. Nd5 Bxd5 23. Rxd5 Rxd5 24. cxd5 Rc2 25. Bxa6 Rd2 26. Bb7 Bxb2 27. a4 Ba3 28. h4 e3 29. Kh2 e2 30. Re1 Bb4 31. Ba6 Rxd5 32. Rxe2 Rxf5 33. Kh3 g5 34. Re8+ Kg7 35. h5 Rf4 36. Rb8 Rh4+ 0-1

[Event "GER-ch Youth-C"]
[Site "Willingen"]
[Date "2022.06.05"]
[Round "2"]
[White "Moissl, Felix"]
[Black "Stepanjan, Tatevik Mia"]
[Result "1-0"]
[WhiteElo "928"]
[BlackElo "1057"]
[PlyCount "61"]
[EventDate "2022.06.04"]
[EventType "swiss"]
[EventRounds "9"]
[EventCountry "GER"]
[SourceTitle "CBM 208 Extra"]
[Source "ChessBase"]
[SourceDate "2022.07.31"]
[SourceVersion "1"]
[SourceVersionDate "2022.07.31"]
[SourceQuality "1"]

1. e4 c5 2. c3 Nc6 3. d4 e6 4. Nf3 d6 5. Bb5 Bd7 6. 0-0 Nf6 7. Re1 a6 8. Bxc6 Bxc6 9. d5 Bd7 10. Bg5 Be7 11. Nbd2 0-0 12. Qc2 Re8 13. a3 exd5 14. exd5 Nxd5 15. Bxe7 Rxe7 16. Rxe7 Qxe7 17. Re1 Qf6 18. Qb3 Be6 19. Qxb7 Qd8 20. Ng5 Rb8 21. Nxe6 fxe6 22. Qxa6 Rxb2 23. Nc4 Ra2 24. Nxd6 Qf8 25. f3 Rb2 26. Nc4 Rc2 27. Qxe6+ Qf7 28. Qc8+ Qf8 29. Re8 Rc1+ 30. Kf2 Rc2+ 31. Kg3 1-0